000 01268cam a2200325 a 4500
999 _c2641
_d2641
001 12584421
003 GBCCL
005 20241126110434.0
008 011108s2000 coua e 000 0 eng d
010 _a 2001278555
020 _a0830718125
035 _a(OCoLC)ocm48577104
040 _aDPL
_cDPL
_dDLC
042 _alccopycat
050 0 0 _aBV835
_b.R3453 2000
082 0 0 _a248.844
_221
_bRAI
100 1 _aRainey, Dennis,
_d1948-
_95478
245 1 0 _aBuilding your marriage /
_cby Dennis Rainey.
260 _aVentura :
_bGospel light,
_cc1996.
300 _a237 p. :
_bill. ;
_c22 cm.
440 0 _aHomeBuilders couples series
_95576
500 _aSpiral bound.
520 _a"This 7-session small group study is designed to bring husbands and wives closer to each other, closer to God--and closer to the other couples. You will study God's Word, share in your challenges and successes, and build a marriage that will last"--Cover p. [4].
650 0 _aMarriage
_xReligious aspects
_xChristianity.
_9295
650 0 _aMarriage
_vHandbooks, manuals, etc.
_95577
906 _a7
_bcbc
_ccopycat
_d3
_encip
_f20
_gy-gencatlg
942 _2ddc
_cBK
_07